01658agaaa2200313 45000010005000000030009000050050017000140070009000310080040000400400023000800410013001031000051001161300036001672400047002032450118002502460040003682500022004082600101004303000034005315110065005655200243006305380009008735460013008826500076008957000063009719420012010349990019010469520279010650901IT-RoPAU20220918181304.0d cvaizq50131s9999||||xx ||| | || ||und|| aIT-RoPAUcIT-RoPAU aITALIANO aBrahm JohngCodice regista SPICS: 38721954299 aNOSTRA SIGNORA DI FATIMA954300 aMIRACLE OF OUR LADY OF FATIMA (THE)gT2594 aNOSTRA SIGNORA DI FATIMAcDiretto da: Brahm JohnpNOSTRA SIGNORA DI FATIMA (Rif. Codice opera principale : V0901) aMIRACLE OF OUR LADY OF FATIMA (THE) aEdizione Standard a(USA)bWARNER BROS / Distribuzione: SPF FIRENZEg"1952 (1° ed.: 1993 ; Ed. Lingua Orig.: 1952)" a16MMbsonoro, b&wc120 minuti a"Roland Gilbert; Clark Angela; Silvera Frank; Whitney Susan" aIL FILM E' IL RESOCONTO DEGLI AVVENIMENTI MIRACOLOSI AVVENUTI A FATIMA IN PORTOGALLO NEL 1917. LA PICCOLA LUCIA DOS SANTOS MENTRE CONDUCE LE PECORE INSIEME AI SUOI DUE CUGINETTI VEDE LA MADONNA. FILM A COLORI. PELLICOLA IN DISCRETO STATO. aMONO aITALIANO aBIOGRAFICOePELLICOLE CINEMA [16 MM]xCodice MATERIA SPICS: 9955936743 aBrahm John e(regista)gCodice regista SPICS: 38721954301 cMM2ddc c108017d108017 0010406V_0901_00000000000000071aSPICSbSPICSd2015-01-31l0oV0901r2015-01-31 00:00:00w2015-01-31yMMzProgr. Ins.: 1124 / N.Vol.:3 / Copie: 1 / Pag.:0 / Copia rara: n.d. / date import: 1.2.2015 / By Epidotti, Trombetti, Vaglietti - CUSTODITA PRESSO FILMOTECA VATICANA